Quiz des Logos de Marques #1. - Statistiques

Statistiques générales
  • Ce quiz a été pris 50 161 fois
  • Le résultat moyen est 34 sur 40
Statistiques - réponses
Par images Réponse % Correct
Facebook
99%
Instagram
99%
Youtube
99%
Snapchat
98%
TikTok
98%
Twitter
98%
Spotify
96%
Adidas
94%
Nike
94%
Lacoste
93%
Pinterest
93%
Puma
93%
Audi
91%
BMW
91%
Ferrari
91%
Mercedes
91%
Citroën
90%
KFC
90%
Peugeot
90%
Burger King
87%
Domino's
87%
New Balance
86%
Lipton
85%
Pepsi
85%
Mcdonald's
84%
Monster
84%
Subway
84%
Red Bull
83%
Sprite
83%
Starbucks
83%
Fanta
82%
Fiat
78%
Volkswagen
75%
Pizza Hut
74%
Converse
72%
Tommy Hilfiger
68%
Umbro
63%
Schweppes
62%
Taco Bell
47%
Dr Pepper
44%
Aucun quiz correspondant
Distribution des résultats
% des personnes avec chaque résultat
Percentile par nombre de réponses
Votre historique - résultats
Vous n’avez pas pris ce quiz